[Event "Reuben Fine Winter Swiss"]
[Site "Warren, MI"]
[Date "2002.01.20"]
[Round "5"]
[White "Herreshoff, Matt"]
[Black "Mazuchowski, Tom"]
[Result "0-1"]
[WhiteElo "1732"]
[BlackElo "2023"]
[PlyCount "46"]
[EventDate "2002.01.19"]

1. c4 Nf6 2. g3 g6 3. Bg2 Bg7 4. Nc3 O-O 5. Nf3 d6 6. O-O Nc6 7. a3 e5 8. d4
Bg4 9. d5 Ne7 10. h3 Bxf3 11. Bxf3 Nd7 12. Ne4 h6 13. g4 f5 14. gxf5 gxf5 15.
Ng3 e4 16. Bg2 Ng6 17. Rb1 Qh4 18. b4 Be5 19. Qb3 Nf4 20. Bb2 Nxh3+ 21. Bxh3
Qxh3 22. Bxe5 Nxe5 23. Nh1 Nf3+ 0-1

[Event "Reuben Fine Winter Swiss"]
[Site "Warren, MI"]
[Date "2002.01.20"]
[Round "5"]
[White "Ghobrial, Ameer"]
[Black "Bolda, Dan H"]
[Result "1-0"]
[WhiteElo "2115"]
[BlackElo "1809"]
[PlyCount "41"]
[EventDate "2002.01.19"]

1. c4 g6 2. Nc3 Bg7 3. e4 d6 4. g3 Nf6 5. Bg2 O-O 6. Nge2 e5 7. O-O Be6 8. d3
Nbd7 9. f4 Ne8 10. f5 Qe7 11. Bh3 Ndf6 12. fxe6 fxe6 13. d4 Nd7 14. Rxf8+ Kxf8
15. dxe5 Bxe5 16. Bh6+ Kg8 17. Nd4 Bxd4+ 18. Qxd4 Nef6 19. Rf1 e5 20. Qf2 c6
21. Bg5 1-0

[Event "Reuben Fine Winter Swiss"]
[Site "Warren, MI"]
[Date "2002.01.20"]
[Round "6"]
[White "Brooks, John"]
[Black "Mazuchowski, Tom"]
[Result "1-0"]
[WhiteElo "2166"]
[BlackElo "2023"]
[Annotator "Bob Ciaffone"]
[PlyCount "69"]
[EventDate "2002.01.19"]

1. c4 Nf6 2. Nc3 g6 3. e4 d6 4. d4 Bg7 5. f3 O-O {Through a transposition from
the English Opening, we have reached a Kings Indian Defense, Saemisch
variation.} 6. Bd3 $6 {An unusual move. I have seen GM Yasser Seirawan use it.
Normal is Be3 or Bg5.} Nc6 7. Nge2 e5 8. d5 Ne7 {Maybe the knight can go
forward to d4.} 9. Bg5 h6 10. Be3 Ne8 11. Qd2 Kh7 12. g4 c5 13. h4 a6 {It
looks like White is attacking the Black king, but how will he open any lines?}
14. h5 g5 {So the kingside gets closed.} 15. Ng3 f6 16. Nf5 Nxf5 17. exf5 Kg8
18. Ne4 {Let us take stock of this position. White, with more space, the e4
square, and better development, has an obvious advantage. But Black, if he
aspires to only a draw, has a decent chance, because there are only two files
left to fight on.} Rb8 $6 {A natural move, but in my opinion, the root cause
of the Black defeat. When White was attacking on the kingside, Black needed
counterplay on the queenside. But Black fails to adjust to the new situation.
With the kingside closed, Black, behind in development, has no reason to try
and open lines quickly. He should be improving the coordination of the pieces
by moves such as Rf7 and Bf8. Brooks shows that the rook cannot maintain its
position on the b-file, and was therefore misplaced.} 19. b4 $1 b6 20. Rb1 Bd7
21. Qb2 Rc8 22. bxc5 bxc5 23. Qb6 Rf7 {White owns the b-file, and thus
controls the game.} 24. O-O Bf8 25. Rf2 a5 26. Qxd8 Rxd8 27. Rb6 Ra8 28. Rfb2
Bc8 29. Bc2 a4 30. Rb8 Rfa7 31. a3 Kf7 {The black position does not look
defendable, because of the weak a-pawn. Black now goes astray tactically, but
he was lost anyway.} 32. Nc3 Ba6 33. Bxa4 Bxc4 34. Bxe8+ Ke7 35. a4 1-0

[Event "GCCC February Action Quads.1"]
[Site "Flint, MI"]
[Date "2002.02.06"]
[Round "2.3"]
[White "Skidmore, Mike"]
[Black "Aldrich, Jeff"]
[Result "1-0"]
[WhiteElo "1800"]
[BlackElo "1923"]
[PlyCount "57"]
[EventDate "2002.02.06"]

1. e4 c6 2. d4 d5 3. e5 Bf5 4. Nf3 e6 5. c3 Ne7 6. Be2 c5 7. dxc5 Nec6 8. b4
Nd7 9. Bb5 a5 10. Bxc6 bxc6 11. Nbd2 axb4 12. cxb4 Qb8 13. a3 Nxe5 14. O-O Be7
15. Bb2 Bf6 16. Bxe5 Bxe5 17. Nxe5 Qxe5 18. Nf3 Qc3 19. Qe1 Qb3 20. Nd4 Qd3 21.
Nxc6 Rxa3 22. Rxa3 Qxa3 23. Qa1 Qxa1 24. Rxa1 O-O 25. Ne7+ Kh8 26. Nxf5 exf5
27. c6 g6 28. b5 Rb8 29. c7 1-0

[Event "GCCC February Action Quads.2"]
[Site "Flint, MI"]
[Date "2002.02.06"]
[Round "1"]
[White "Laurin, Edward"]
[Black "Aldrich, Justin"]
[Result "1-0"]
[WhiteElo "1657"]
[BlackElo "1605"]
[PlyCount "60"]
[EventDate "2002.02.06"]

1. e4 e5 2. Nf3 d6 3. d4 exd4 4. Nxd4 Nf6 5. Nc3 Be7 6. Bf4 O-O 7. Bd3 Re8 8.
O-O Bg4 9. f3 Bd7 10. Nd5 Nxd5 11. exd5 Bg5 12. Qd2 Bxf4 13. Qxf4 Re5 14. Rae1
Qg5 15. Qxg5 Rxg5 16. Nb5 Na6 17. Re7 Nc5 18. Bc4 Bxb5 19. Bxb5 Rxd5 20. Rfe1
Ne6 21. Bc4 Rd2 22. Bxe6 fxe6 23. Rxc7 e5 24. Rxb7 Rxc2 25. Rd1 Rd8 26. Rxa7
Rxb2 27. Ra6 d5 28. Ra5 d4 29. a4 Ra2 30. Rxe5 Rxa4 1-0

[Event "GCCC February Action Quads.2"]
[Site "Flint, MI"]
[Date "2002.02.06"]
[Round "2"]
[White "Hazzard, Bill"]
[Black "Laurin, Edward"]
[Result "0-1"]
[WhiteElo "1512"]
[BlackElo "1657"]
[PlyCount "75"]
[EventDate "2002.02.06"]

1. e4 d6 2. d4 Nf6 3. Nc3 g6 4. Nf3 Bg7 5. Be3 c6 6. Qd2 b5 7. Bh6 O-O 8. Bxg7
Kxg7 9. Be2 b4 10. e5 dxe5 11. dxe5 Qxd2+ 12. Nxd2 Nfd7 13. Nce4 Nxe5 14. O-O
Bf5 15. Ng3 Bxc2 16. Nf3 Nbd7 17. Nxe5 Nxe5 18. f4 Nd3 19. b3 e5 20. f5 Nf4 21.
Rac1 Nxe2+ 22. Nxe2 Bd3 23. f6+ Kh6 24. Rfe1 Bxe2 25. Rxe2 Rfe8 26. Rxc6 Kg5
27. g3 Rac8 28. h4+ Kf5 29. Rf2+ Ke4 30. Ra6 Rc7 31. Kg2 Rec8 32. Rd6 Rc2 33.
Rdd2 Rxd2 34. Rxd2 Rc6 35. Rf2 Kd5 36. g4 h6 37. g5 hxg5 38. hxg5 0-1

[Event "GCCC February Action Quads.1"]
[Site "Flint, MI"]
[Date "2002.02.06"]
[Round "1.1"]
[White "Aldrich, Jeff"]
[Black "Ghobrial, Ameer"]
[Result "0-1"]
[WhiteElo "1923"]
[BlackElo "2115"]
[PlyCount "62"]
[EventDate "2002.02.06"]

1. d4 c5 2. d5 e5 3. c4 d6 4. Nc3 f5 5. e4 Nf6 6. Bd3 g6 7. Nf3 Bg7 8. O-O O-O
9. a3 a6 10. b4 b6 11. Qc2 f4 12. Rb1 h6 13. bxc5 bxc5 14. Rd1 g5 15. Bf1 g4
16. Ne1 Nh7 17. Qd3 Qh4 18. Rb6 Rf6 19. Ne2 Nd7 20. Rb3 Ndf8 21. Bd2 f3 22. g3
fxe2 23. Bxe2 Qh5 24. Rdb1 Ng5 25. Bxg5 hxg5 26. Ng2 Rh6 27. h4 gxh4 28. gxh4
Ng6 29. Qg3 Nf4 30. Bd1 Qf7 31. Rb8 Rxb8 $138 0-1

[Event "Michigan Junior High Team"]
[Site "Spring Lake, MI"]
[Date "2002.02.09"]
[Round "1.2"]
[White "Varano, Peter"]
[Black "Gurski, Erin"]
[Result "0-1"]
[WhiteElo "829"]
[BlackElo "931"]
[PlyCount "78"]
[EventDate "2002.02.09"]

1. e4 e5 2. Qh5 Nf6 3. Qxe5+ Qe7 4. Qxe7+ Bxe7 5. Nc3 O-O 6. d3 Bb4 7. e5 Bxc3+
8. bxc3 Nd5 9. c4 Nb6 10. c5 Nd5 11. Nf3 Nb4 12. Nd4 d5 13. h3 Be6 14. a3 N4c6
15. Nb3 Nxe5 16. Bf4 Nbc6 17. d4 Nc4 18. Bxc4 dxc4 19. Nd2 Nxd4 20. O-O Nxc2
21. Rac1 Nxa3 22. Bxc7 Rac8 23. Bd6 Rfd8 24. Bf4 Rxc5 25. Ra1 c3 26. Ne4 Rc4
27. f3 f5 28. Nd6 Rxf4 29. Rxa3 Rxd6 30. Rxa7 Rc4 31. Re1 c2 32. Ra8+ Kf7 33.
Rc1 Rd1+ 34. Rxd1 cxd1=Q+ 35. Kf2 Qd2+ 36. Kg1 Qf4 37. Ra7 Qg3 38. Rxb7+ Kf6
39. Rb6 Rc1# 0-1

[Event "Michigan Junior"]
[Site "East Grand Rapids, MI"]
[Date "2002.03.23"]
[Round "1"]
[White "Moroney, Timothy"]
[Black "Gurski, Michael"]
[Result "1/2-1/2"]
[WhiteElo "1552"]
[BlackElo "1055"]
[Annotator "Edward Laurin"]
[PlyCount "122"]
[EventDate "2002.03.23"]

1. e4 d6 2. d4 Nf6 3. Nc3 g6 4. Nf3 Bg7 5. Be3 c6 6. Qd2 O-O 7. O-O-O Nbd7 8.
h3 b5 9. Bd3 Nb6 10. Bh6 a5 11. Bxg7 Kxg7 12. Kb1 b4 13. Ne2 c5 14. c3 c4 15.
Bc2 b3 16. axb3 cxb3 17. Bxb3 Nxe4 18. Qe3 Nf6 19. Rhe1 a4 20. Ba2 e6 {This
move was a critical attacking point. Better was d5 continuing to put pressure
on white's pieces.} 21. Kc2 Ba6 22. Nf4 Bc4 23. Bxc4 Nxc4 24. Qd3 Qc8 25. Ra1
a3 26. b3 Nb6 27. c4 Nbd5 28. Nxd5 Nxd5 29. Qd2 Nb6 30. Qb4 Qc6 31. Kd3 d5 32.
c5 Nd7 33. Reb1 Rfb8 34. Qc3 Qb5+ 35. Ke3 Qb4 36. Qxb4 Rxb4 37. Kd3 Kf8 38. Kc3
Rb5 39. b4 a2 40. Rb2 Ra3+ 41. Rb3 Ra4 42. Ne1 e5 43. Nc2 exd4+ 44. Nxd4 Rb8
45. Nc2 Rba8 46. Kb2 Ne5 47. Kc3 Ke7 48. Nd4 Kd7 49. f4 Nc6 50. Nxc6 Kxc6 51.
Rb2 Ra3+ 52. Rb3 Kb5 53. Kb2 Rxb3+ 54. Kxb3 Ra4 55. Rxa2 Rxb4+ 56. Kc3 Kxc5 57.
g3 d4+ 58. Kd3 Rb3+ 59. Ke4 d3 {Re3++ was deffinately a better move.} 60. Rd2
Kc4 61. Ke3 f5 1/2-1/2

[Event "Michigan Junior"]
[Site "East Grand Rapids, MI"]
[Date "2002.03.23"]
[Round "3"]
[White "Koss, Alexander"]
[Black "Gurski, Michael"]
[Result "1-0"]
[WhiteElo "1093"]
[BlackElo "1055"]
[PlyCount "107"]
[EventDate "2002.03.23"]

{64MB, maxlange.ctg. CC1955916-D} 1. e4 {0} d6 2. d4 Nf6 3. Nc3 g6 4. Nf3 Bg7
5. Be3 c6 6. h3 O-O 7. Qd2 Nbd7 8. Bh6 b5 9. Bxg7 Kxg7 10. e5 dxe5 11. dxe5 Ne8
12. Ng5 f6 13. Ne6+ Kg8 14. Nxd8 Nxe5 15. Nxb5 cxb5 16. Qd5+ Kg7 17. Qxa8 Nd6
18. Nc6 Bb7 19. Qxa7 Bxc6 20. Qxe7+ Nef7 21. O-O-O Re8 22. Qc7 Rc8 23. Qb6 Ne4
24. f3 Ng3 25. Rg1 Ne5 26. Bxb5 Bxb5 27. Qxb5 Rc7 28. Rge1 Re7 29. f4 Nd3+ 30.
Qxd3 Rxe1 31. Rxe1 Nf5 32. Qd7+ Kh6 33. Qxf5 gxf5 34. a4 Kh5 35. a5 Kh4 36. Re3
h5 37. g3+ Kxh3 38. a6 h4 39. gxh4+ Kg4 40. a7 Kxf4 41. Re6 Kg4 42. a8=Q Kf4
43. Rxf6 Ke5 44. Qd8 Ke4 45. Qe7+ Kf4 46. Rxf5+ Kxf5 47. Kd2 Kf4 48. Kd3 Kf5
49. Kd4 Kf4 50. Qf7+ Kg3 51. Ke3 Kh3 52. Qg6 Kh2 53. Kf2 Kh3 54. Qg3# 1-0

[Event "Michigan Junior"]
[Site "East Grand Rapids, MI"]
[Date "2002.03.23"]
[Round "2"]
[White "Gurski, Michael"]
[Black "Gadson, Joseph"]
[Result "0-1"]
[WhiteElo "1055"]
[BlackElo "1628"]
[Annotator "Edward Laurin"]
[PlyCount "100"]
[EventDate "2002.03.23"]

1. e4 c5 2. Nc3 d6 3. d3 Nc6 4. Be3 g6 5. Nf3 Qb6 6. Rb1 Nf6 7. Be2 Nd4 8. O-O
Bg7 9. Nd2 Nxe2+ 10. Qxe2 Ng4 11. Nc4 Qc7 12. Bd2 {Upon looking at this
position Nd5 appears to be quite a bit interesting.} d5 13. f4 dxc4 14. dxc4
Bd4+ 15. Kh1 Be6 16. e5 Bxc3 17. Bxc3 Nh6 18. Rbd1 Bg4 19. Qe3 Bxd1 20. Rxd1
Nf5 21. Qe2 e6 22. g4 Nd4 23. Bxd4 cxd4 24. Rxd4 Rd8 25. Rxd8+ Qxd8 26. Qe4 Qb6
27. b3 Qc6 28. Qxc6+ bxc6 29. Kg2 Ke7 30. Kf3 Rd8 31. Ke2 f6 32. exf6+ Kxf6 33.
h4 e5 34. fxe5+ Kxe5 35. Ke3 Rd4 36. Kf3 Rd2 37. c3 Rxa2 38. h5 Ra3 39. hxg6
hxg6 40. b4 Rxc3+ 41. Kg2 Rxc4 42. Kg3 g5 43. b5 cxb5 44. Kf3 Rc3+ 45. Ke2 Ke4
46. Kd2 b4 47. Ke2 Rc2+ 48. Kd1 b3 49. Ke1 b2 50. Kd1 b1=Q# 0-1

[Event "Michigan Junior"]
[Site "East Grand Rapids, MI"]
[Date "2002.03.23"]
[Round "2"]
[White "Gurski, Christina"]
[Black "Krivochenitser, Roman"]
[Result "0-1"]
[WhiteElo "1106"]
[BlackElo "1479"]
[PlyCount "65"]
[EventDate "2002.03.23"]

1. e4 c5 2. Nf3 d6 3. Nc3 Nc6 4. d3 Nf6 5. Be2 e6 6. Be3 d5 7. Bg5 h6 8. Bh4
Be7 9. O-O O-O 10. exd5 exd5 11. d4 Bf5 12. dxc5 Bxc5 13. Nxd5 Qxd5 14. Bxf6
Qxd1 15. Raxd1 gxf6 16. Bd3 Bxd3 17. Rxd3 Rad8 18. Rfd1 Rfe8 19. Rxd8 Nxd8 20.
g3 Ne6 21. c3 Ng5 22. Kg2 Nxf3 23. Kxf3 Kf8 24. b4 Bb6 25. a4 Ke7 26. a5 Bc7
27. Kg4 Be5 28. c4 Bc3 29. b5 Bxa5 30. Kh5 Ke6 31. Kxh6 Ke5 32. Kh7 f5 33. h4
0-1

[Event "Michigan Junior"]
[Site "East Grand Rapids, MI"]
[Date "2002.03.23"]
[Round "1"]
[White "Gadson, Joseph"]
[Black "Gurski, Christina"]
[Result "0-1"]
[WhiteElo "1628"]
[BlackElo "1106"]
[PlyCount "128"]
[EventDate "2002.03.23"]

1. d4 Nf6 2. c4 e6 3. Nc3 Bb4 4. Qc2 b6 5. e4 Bb7 6. Bd3 Bxc3+ 7. bxc3 d6 8. f3
Nbd7 9. Ne2 O-O 10. f4 e5 11. O-O Re8 12. fxe5 dxe5 13. Bg5 h6 14. Bh4 g5 15.
Bg3 exd4 16. cxd4 Bxe4 17. h4 Bxd3 18. Qxd3 Qe7 19. Rae1 Qe3+ 20. Qxe3 Rxe3 21.
hxg5 hxg5 22. Bxc7 Rc8 23. Bh2 Rxc4 24. Rf5 Nh7 25. Rd5 Ndf6 26. Rd8+ Kg7 27.
Bb8 Rc2 28. Kf2 Re7 29. a3 Nh5 30. g3 N7f6 31. Be5 Kg6 32. Kf3 Rd7 33. Rxd7
Nxd7 34. Bd6 Rc6 35. Be7 Re6 36. d5 Ne5+ 37. Ke4 Rxe7 38. d6 Re8 39. Rd1 Nc4+
40. Kd5 Ne3+ 41. Kc6 Nxd1 42. d7 Re6+ 43. Kc7 Re7 44. Kc6 Rxd7 45. Kxd7 Ne3 46.
Kc6 Nc4 47. a4 Nb2 48. Kb5 Kf5 49. a5 bxa5 50. Kxa5 Kg4 51. Ka6 Nxg3 52. Nd4 f5
53. Kxa7 f4 54. Kb6 f3 55. Nxf3 Kxf3 56. Kb5 Ne2 57. Kb4 g4 58. Kb3 g3 59. Kc2
g2 60. Kd2 g1=Q 61. Kc2 Qd4 62. Kb1 Na4 63. Kc2 Qc3+ 64. Kd1 Nb2# 0-1

[Event "Michigan Junior"]
[Site "East Grand Rapids, MI"]
[Date "2002.03.23"]
[Round "3"]
[White "Fick II, Douglas"]
[Black "Gurski, Christina"]
[Result "0-1"]
[WhiteElo "1375"]
[BlackElo "1106"]
[PlyCount "104"]
[EventDate "2002.03.23"]

1. e4 e5 2. Nf3 Nc6 3. Bc4 Bc5 4. O-O Nf6 5. d3 d6 6. Nc3 O-O 7. Bg5 Be6 8. Nd5
Bxd5 9. Bxd5 Rb8 10. c3 Qe7 11. d4 exd4 12. Nxd4 Nxd4 13. cxd4 Bb6 14. Re1 h6
15. Bh4 g5 16. Bg3 Nxd5 17. exd5 Qf6 18. Rc1 Rfe8 19. Re3 Qxd4 20. Qxd4 Bxd4
21. Rxe8+ Rxe8 22. Kf1 Re7 23. b3 f5 24. f3 f4 25. Bf2 Bxf2 26. Kxf2 Kf7 27. a4
Ke8 28. g4 fxg3+ 29. hxg3 Kd7 30. Rh1 Rh7 31. Ke3 Re7+ 32. Kd4 Rh7 33. Ke4 Ke7
34. Rc1 Kf6 35. Rc4 h5 36. f4 gxf4 37. Kxf4 h4 38. Kf3 h3 39. Rh4 Rxh4 40. gxh4
h2 41. Kg2 h1=Q+ 42. Kxh1 Kf5 43. Kh2 Kg4 44. Kg2 Kxh4 45. Kf3 Kg5 46. Ke4 Kf6
47. b4 c6 48. a5 c5 49. bxc5 dxc5 50. d6 Ke6 51. Kd3 b6 52. a6 Kxd6 0-1

[Event "Michigan Young Junior"]
[Site "East Grand Rapids, MI"]
[Date "2002.03.24"]
[Round "4"]
[White "Mong, Surin"]
[Black "Gurski, Michael"]
[Result "0-1"]
[WhiteElo "841"]
[BlackElo "1055"]
[Annotator "Edward Laurin"]
[PlyCount "62"]
[EventDate "2002.03.24"]

1. e4 d6 2. d4 Nf6 3. Nc3 g6 4. Nf3 Bg7 5. Be3 c6 6. Qd2 O-O 7. Bh6 b5 8. Bd3
a5 9. O-O Ba6 10. Rad1 b4 11. Bxa6 bxc3 12. bxc3 Nxa6 13. Rb1 Nxe4 14. Qe3 Nf6
15. Rfe1 Re8 16. h4 Ng4 17. Qg5 Nxh6 18. h5 Nf5 19. g4 Bh6 20. Qxf5 gxf5 21.
gxf5 Kh8 22. Kf1 Rb8 23. Rbd1 Rb2 24. a4 Rxc2 25. d5 Rxc3 26. dxc6 Rxf3 27. Rc1
Nc5 {Whoops, Bxc1 makes a little more sense.} 28. Rb1 Qc7 29. f6 Rxf6 30. Rec1
Bxc1 31. Rxc1 Qxc6 0-1

[Event "Michigan Young Junior"]
[Site "East Grand Rapids, MI"]
[Date "2002.03.24"]
[Round "3"]
[White "Gurski, Michael"]
[Black "Wood, Jack"]
[Result "0-1"]
[WhiteElo "1055"]
[BlackElo "1163"]
[PlyCount "61"]
[EventDate "2002.03.24"]

1. e4 c5 2. Nc3 Nc6 3. d3 d6 4. Be2 Nf6 5. Nf3 g6 6. Be3 Bg7 7. Qd2 O-O 8. O-O
Bg4 9. h3 Bxf3 10. Bxf3 Ne5 11. Be2 a6 12. f4 Nc6 13. f5 Ne5 14. Bh6 Qc7 15.
Qg5 Qb6 16. Na4 Qc6 17. b3 b5 18. Nb2 c4 19. Rac1 cxd3 20. cxd3 Qb6+ 21. Kh2
Rac8 22. Bxg7 Kxg7 23. fxg6 hxg6 24. Nd1 Rc5 25. Rxc5 Qxc5 26. Qg3 Nc6 27. Ne3
Qe5 28. Nf5+ Kh7 29. Qxe5 dxe5 30. Nxe7 Nxe7 31. Rxf6 0-1

[Event "Michigan Young Junior"]
[Site "East Grand Rapids, MI"]
[Date "2002.03.24"]
[Round "1"]
[White "Gurski, Michael"]
[Black "Osborne, Richard"]
[Result "1-0"]
[WhiteElo "1055"]
[BlackElo "754"]
[PlyCount "77"]
[EventDate "2002.03.24"]

1. e4 c6 2. d4 Nf6 3. Nc3 e6 4. Bd3 c5 5. Nge2 Qc7 6. Bf4 Bd6 7. e5 Bf8 8. exf6
Qb6 9. Nb5 Na6 10. fxg7 Bxg7 11. dxc5 Qxc5 12. Nd6+ Kf8 13. Ne4 Qb6 14. a3 d5
15. N4c3 e5 16. Bd2 Bf6 17. Nxd5 Qc5 18. Nxf6 Qb6 19. Bh6+ Ke7 20. Nd5+ Ke8 21.
Nxb6 axb6 22. Bb5+ Ke7 23. O-O Rd8 24. Bg5+ f6 25. Bxf6+ Kxf6 26. Qxd8+ Kg7 27.
Bxa6 bxa6 28. Qc7+ Kf6 29. Qxb6+ Ke7 30. Rfd1 Kf7 31. Rd8 Ke7 32. Qc7+ Ke6 33.
Rxc8 Rxc8 34. Qxc8+ Kf6 35. h4 h5 36. Rd1 Kg6 37. Rd6+ Kg7 38. Qc7+ Kf8 39.
Rd8# 1-0

[Event "Michigan Junior"]
[Site "East Grand Rapids, MI"]
[Date "2002.03.24"]
[Round "5"]
[White "Gurski, Christina"]
[Black "Gillis, Daniel"]
[Result "0-1"]
[WhiteElo "1106"]
[BlackElo "1375"]
[PlyCount "101"]
[EventDate "2002.03.23"]

1. e4 c5 2. Nf3 d6 3. Nc3 g6 4. d4 cxd4 5. Nxd4 Bg7 6. Be3 Nc6 7. Be2 Nf6 8.
Nxc6 bxc6 9. O-O O-O 10. Qd2 Qc7 11. Bh6 d5 12. Bxg7 Kxg7 13. exd5 Rd8 14. Qe3
cxd5 15. Rad1 Bb7 16. Qg3 Qc6 17. Bf3 Rd7 18. Rd2 Rad8 19. Rfd1 Qb6 20. Na4 Qa5
21. b3 Bc6 22. Bg4 Ne4 23. Qe5+ f6 24. Qd4 e5 25. Qd3 f5 26. Be2 Nxd2 27. Qxd2
Qxd2 28. Rxd2 Bxa4 29. bxa4 Rb7 30. c4 Rb1+ 31. Bf1 d4 32. f3 e4 33. fxe4 fxe4
34. Rf2 e3 35. Rf3 e2 36. g3 exf1=Q+ 37. Rxf1 Rxf1+ 38. Kxf1 Kf6 39. Ke2 Ke5
40. Kd3 Rf8 41. c5 Kd5 42. c6 Kxc6 43. Kxd4 Rf2 44. h3 Rxa2 45. Ke5 Rf2 46. Kd4
Rf3 47. Kc4 Rxg3 48. Kb4 Rxh3 49. Ka5 Rb3 50. Ka6 Rb4 51. a5 0-1

[Event "Michigan Junior"]
[Site "East Grand Rapids, MI"]
[Date "2002.03.24"]
[Round "4"]
[White "Gurski, Christina"]
[Black "Cox, Nick"]
[Result "0-1"]
[WhiteElo "1106"]
[BlackElo "1495"]
[PlyCount "96"]
[EventDate "2002.03.23"]

1. e4 c5 2. Nf3 d6 3. Nc3 Nf6 4. d4 cxd4 5. Nxd4 g6 6. Bc4 Bg7 7. Be3 O-O 8.
O-O Nc6 9. Nde2 Bd7 10. f4 Ng4 11. Qd2 Nxe3 12. Qxe3 Qc8 13. Bd3 Nb4 14. Qg3
Qc5+ 15. Kh1 Nxd3 16. cxd3 Qh5 17. Rf2 Rac8 18. Raf1 Bg4 19. d4 Bxe2 20. Nxe2
Rc2 21. Qd3 Rxb2 22. Ng3 Qb5 23. Qxb5 Rxb5 24. e5 dxe5 25. fxe5 f6 26. exf6
exf6 27. Rd1 Rd5 28. Rb2 b6 29. Ne2 Rfd8 30. a4 Kf7 31. Rb5 Ke7 32. Rxd5 Rxd5
33. Kg1 Kd6 34. Kf2 a6 35. Ke3 Kc6 36. Nc3 Rd6 37. d5+ Kc5 38. Rc1 Bh6+ 39. Kd3
Bxc1 40. a5 bxa5 41. Na4+ Kb4 42. Nc3 Bb2 43. Nd1 Rxd5+ 44. Kc2 Rxd1 45. Kxd1
a4 46. Kc2 a3 47. Kb1 Kb3 48. g4 a2# 0-1

[Event "Michigan Young Junior"]
[Site "East Grand Rapids, MI"]
[Date "2002.03.24"]
[Round "5"]
[White "Akindele, Akinwale"]
[Black "Gurski, Michael"]
[Result "1/2-1/2"]
[WhiteElo "1260"]
[BlackElo "1055"]
[Annotator "Edward Laurin"]
[PlyCount "113"]
[EventDate "2002.03.24"]

1. e4 d6 2. Nf3 Nf6 3. Nc3 g6 4. Bc4 Bg7 5. h3 c6 6. Ng5 O-O 7. Nf3 b5 8. Bd3
a5 9. a3 Ba6 10. Ne2 b4 11. Bxa6 Rxa6 12. axb4 axb4 13. Rxa6 Nxa6 14. Ng3 Nc5
15. d3 Nfd7 16. b3 Ne5 17. Nxe5 Bxe5 18. Ne2 Nd7 19. O-O c5 20. Bf4 f6 21. Bg3
Bxg3 22. Nxg3 Nb6 23. Qg4 Kh8 24. Qe6 Qd7 25. Qxd7 Nxd7 26. Ra1 Kg7 27. Ra7 Rd8
28. Kf1 Kf7 29. Ke2 Nb6 30. Ra6 Rb8 31. Kd2 d5 32. Ra5 Rc8 33. Rb5 Rc6 34. f3
e6 35. Ne2 Ke7 36. Nf4 dxe4 37. fxe4 e5 38. Nd5+ Nxd5 39. exd5 Rc8 40. Rb7+ Kd6
41. Rxh7 Kxd5 42. Rg7 g5 43. Rf7 Rc6 44. Ke3 Kd6 45. Rg7 Ra6 46. Rf7 Ke6 {
Michael Went on to get into a position which he claimed was a draw, but it
clearly is a win for black.} 47. Rg7 f5 48. Rxg5 Kd5 49. d4 exd4+ 50. Kd3 Re6
51. Rg4 Ke5 52. Ke2 d3+ 53. Kxd3 Rd6+ 54. Ke2 Rd4 55. Rxd4 Kxd4 56. Kd2 Ke5 57.
Ke2 {From this position the game was claimed as a draw, however after Ke4
black will win.} 1/2-1/2

[Event "GCCC April Mini-Swiss.1"]
[Site "Flint, MI"]
[Date "2002.04.03"]
[Round "3"]
[White "Skidmore, Mike"]
[Black "Aldrich, Jeff"]
[Result "1-0"]
[WhiteElo "1828"]
[BlackElo "1908"]
[PlyCount "66"]
[EventDate "2002.04.03"]

1. e4 c6 2. f4 d5 3. exd5 cxd5 4. Nf3 Nc6 5. d4 Bf5 6. c3 Nf6 7. Be2 e6 8. O-O
Bd6 9. Ne5 O-O 10. Nd2 Ne4 11. Nxe4 Bxe4 12. Bd3 Bxd3 13. Qxd3 f6 14. Nf3 Qc7
15. g3 Rae8 16. Bd2 Ne7 17. Rfe1 Qd7 18. Kg2 Bb8 19. Re2 Nf5 20. Rae1 Re7 21.
c4 Rfe8 22. Bb4 dxc4 23. Qxc4 Bd6 24. Bc3 b5 25. Qb3 Kh8 26. d5 exd5 27. Rxe7
Nxe7 28. Bb4 Rb8 29. Bxd6 Qxd6 30. Qe3 Rb7 31. Nh4 g6 32. Qd4 Nc6 33. Qd3 d4
$138 1-0

[Event "GCCC April Mini-Swiss.2"]
[Site "Flint, MI"]
[Date "2002.04.03"]
[Round "3"]
[White "Gurski, Erin"]
[Black "Gurski, Michael"]
[Result "1-0"]
[WhiteElo "1206"]
[BlackElo "1019"]
[Annotator "Edward Laurin"]
[PlyCount "45"]
[EventDate "2002.04.03"]

1. e4 d6 2. d4 Nf6 3. Bd3 g6 4. Ne2 Bg7 5. b3 {Careful doing this on this side
of the board. Better is to be able to play c3 to blockade the long diagonal
and keep your bishop aimed at black's weak h6 square.} O-O 6. Bb2 c6 7. Nd2 b5
8. O-O Nfd7 {You're right to state that this move is wrong. There are many
cases in the Pirc however where it is correct, but these only exist when
white's knights are on f3 and c3. Michael does not know this line, which is
why I instructed you to play it.} 9. f4 e6 10. Nf3 d5 {He sure did come to you,
which was very very wrong.} 11. e5 $1 {Correct move, it blockades in black's
position while gaining extreme scope for white.} f6 12. Qd2 {You are right to
ignore his f6 pawn. Let him exchange off on the position while you keep it
closed like you do with fxe5.} fxe5 13. fxe5 Ba6 14. b4 $5 {Although this
isn't the most powerful move it does make sense on the trial of keeping black
locked up. I think its a bit contriversal, but it sure is interesting.} Bb7 {
Watch as black's pieces can find no good squares.} 15. Ng5 a5 16. Nxe6 Rxf1+
17. Rxf1 Qb6 18. Qf4 $1 {Beautiful move. There is nothing that black can do to
stop the impending checkmates.} Kh8 19. Qf7 Qxd4+ 20. Bxd4 Bh6 21. Qe8+ Nf8 22.
Qxf8+ Bxf8 23. Rxf8# 1-0

[Event "GCCC April Mini-Swiss.1"]
[Site "Flint, MI"]
[Date "2002.04.03"]
[Round "1"]
[White "Aldrich, Jeff"]
[Black "Yufa, Leonid"]
[Result "1-0"]
[WhiteElo "1908"]
[BlackElo "1663"]
[PlyCount "59"]
[EventDate "2002.04.03"]

1. d4 d5 2. c4 e6 3. Nc3 Nf6 4. Bg5 Nbd7 5. cxd5 exd5 6. Nf3 h6 7. Bh4 Be7 8.
e3 c6 9. Bd3 Ne4 10. Bg3 Ndf6 11. Qc2 Bb4 12. O-O Bxc3 13. bxc3 Nxg3 14. hxg3
O-O 15. c4 dxc4 16. Bxc4 Re8 17. Rab1 b5 18. Bb3 Be6 19. Qxc6 Bxb3 20. Rxb3 Rc8
21. Qxb5 Rc2 22. a4 Ne4 23. Qf5 Qc7 24. Rb5 Qc3 25. Ne5 Nd6 26. Qd7 Re6 27.
Rb8+ Kh7 28. Qd8 Re8 29. Qxd6 Rxb8 30. Qxb8 1-0